|
|
|
|
| LEADER |
00000cam a2200000 7i4500 |
| 001 |
0000230622 |
| 005 |
20190102.0 |
| 020 |
|
|
|a 9781408830956
|
| 090 |
0 |
0 |
|a 332.11092
|b MAL
|
| 100 |
1 |
|
|a Mallaby, Sebastian
|
| 245 |
1 |
4 |
|a The man who knew :
|b the life & times of Alan Greennspan
|c Sebastian Mallaby
|
| 260 |
|
|
|a London :
|b Bloomsbury Publishing Plc. ,
|c 2017
|
| 300 |
|
|
|a 811p ;
|c 20cm.
|
| 600 |
1 |
0 |
|a Greenspan, Alan ,
|d 1926-
|
| 610 |
1 |
0 |
|a Board of Governors of the Federal Reserve system
|
| 650 |
|
0 |
|a Monetary policy
|z United States
|
| 999 |
|
|
|a 00362557
|b BUKU
|c PINJAMAN
|e PERPUSTAKAAN KOMUNITI PETALING JAYA
|